[Event "Oberpfalz-ch M2"]
[Site "Bad Koetzting"]
[Date "2018.03.26"]
[Round "6"]
[White "Oberhofer, Peter"]
[Black "Askri, Samir"]
[Result "1-0"]
[WhiteElo "1809"]
[BlackElo "1756"]
[PlyCount "71"]
[EventDate "2018.03.24"]
[EventType "swiss"]
[EventRounds "8"]
[EventCountry "GER"]
[SourceTitle "EXT 2020"]
[Source "ChessBase"]
[SourceDate "2019.10.17"]
[SourceVersion "1"]
[SourceVersionDate "2019.10.17"]
[SourceQuality "1"]

1. d4 d5 2. c4 c6 3. Nf3 Nf6 4. g3 e6 5. Bg2 Nbd7 6. b3 Be7 7. 0-0 0-0 8. Bb2 Qc7 9. e3 b6 10. Nbd2 Bb7 11. Rc1 Rac8 12. Qe2 Rfd8 13. Rfd1 Qb8 14. Ne1 c5 15. dxc5 Nxc5 16. cxd5 Nxd5 17. Nc4 Qa8 18. e4 Nf6 19. Bxf6 Bxf6 20. Nd6 Rc7 21. b4 Rxd6 22. Rxd6 Nxe4 23. Rxc7 Nxd6 24. Bxb7 Qb8 25. Qc2 Bd8 26. Rd7 Nxb7 27. Qc6 Qe5 28. Qxb7 Qxe1+ 29. Kg2 g6 30. Rxd8+ Kg7 31. Rd7 Kf6 32. Rxf7+ Ke5 33. Rf3 Qxb4 34. Re3+ Kf5 35. Qf3+ Kg5 36. h4+ 1-0

[Event "Oberpfalz-ch M2"]
[Site "Bad Koetzting"]
[Date "2018.03.24"]
[Round "1"]
[White "Jobst, Thomas"]
[Black "Askri, Samir"]
[Result "1-0"]
[WhiteElo "1932"]
[BlackElo "1756"]
[PlyCount "51"]
[EventDate "2018.03.24"]
[EventType "swiss"]
[EventRounds "8"]
[EventCountry "GER"]
[SourceTitle "EXT 2020"]
[Source "ChessBase"]
[SourceDate "2019.10.17"]
[SourceVersion "1"]
[SourceVersionDate "2019.10.17"]
[SourceQuality "1"]

1. c4 Nf6 2. g3 g6 3. Nc3 Bg7 4. Bg2 0-0 5. d3 d6 6. e4 e5 7. Nge2 Nc6 8. 0-0 Nh5 9. Be3 f5 10. f4 fxe4 11. dxe4 exf4 12. gxf4 Be6 13. Nd5 Qd7 14. Qd2 Nf6 15. Kh1 Rae8 16. Ng3 Ng4 17. Bg1 Rf7 18. f5 Bxd5 19. cxd5 Nce5 20. Rac1 Bh6 21. Qc3 Bxc1 22. Qxc1 Nf6 23. Qg5 Qe7 24. fxg6 Nxg6 25. Nf5 Qe5 26. Bd4 1-0

[Event "GER-ch U25-A"]
[Site "Willingen"]
[Date "2017.06.08"]
[Round "7"]
[White "Askri, Samir"]
[Black "May, Ben Iven"]
[Result "1/2-1/2"]
[WhiteElo "1721"]
[BlackElo "1539"]
[PlyCount "103"]
[EventDate "2017.06.04"]
[EventType "swiss"]
[EventRounds "9"]
[EventCountry "GER"]
[SourceTitle "CBM 178 Extra"]
[Source "ChessBase"]
[SourceDate "2017.06.22"]
[SourceVersion "1"]
[SourceVersionDate "2017.06.22"]
[SourceQuality "1"]

1. d4 d5 2. Nf3 Nf6 3. c4 e6 4. g3 Be7 5. Bg2 0-0 6. 0-0 dxc4 7. Ne5 c6 8. Nc3 Nbd7 9. Nxc4 Nb6 10. b3 Qc7 11. Bf4 Qd8 12. e4 Re8 13. Re1 Bb4 14. Rc1 h6 15. Re2 Nxc4 16. bxc4 Bxc3 17. Rxc3 e5 18. Be3 exd4 19. Qxd4 Qxd4 20. Bxd4 Nh7 21. Rb2 Ng5 22. Re3 Ne6 23. Bc3 Nc5 24. Bb4 Na4 25. Rc2 c5 26. Ba3 Bd7 27. e5 Rab8 28. Bd5 Bf5 29. Rc1 Be6 30. f4 Red8 31. Rd3 Bxd5 32. cxd5 c4 33. Rxc4 b5 34. Rc7 b4 35. Bc1 Nc3 36. Bb2 Nxa2 37. Rxa7 b3 38. d6 Rdc8 39. Ra3 Nc1 40. Rd1 Ne2+ 41. Kf1 Rc2 42. d7 Rxb2 43. d8Q+ Rxd8 44. Rxd8+ Kh7 45. Rb8 Nc1 46. Ra1 Rc2 47. Rb1 Kg6 48. h3 Kf5 49. Rb4 h5 50. R4xb3 Nxb3 51. Rxb3 Rh2 52. h4 1/2-1/2

[Event "Forchheim op-B 15th"]
[Site "Forchheim"]
[Date "2016.10.01"]
[Round "2"]
[White "Askri, Samir"]
[Black "Poppe, Wolfgang"]
[Result "1-0"]
[WhiteElo "1806"]
[BlackElo "1626"]
[PlyCount "65"]
[EventDate "2016.10.01"]
[EventType "swiss"]
[EventRounds "5"]
[EventCountry "GER"]
[SourceTitle "EXT 2019"]
[Source "ChessBase"]
[SourceDate "2018.10.10"]
[SourceVersion "1"]
[SourceVersionDate "2018.10.10"]
[SourceQuality "1"]

1. d4 d5 2. c4 e6 3. Nc3 Nf6 4. Bg5 c6 5. Nf3 Bd6 6. e3 Nbd7 7. cxd5 exd5 8. Bd3 0-0 9. Qc2 h6 10. Bh4 Re8 11. 0-0 Nf8 12. a3 Bg4 13. Nd2 Bh5 14. b4 Bg6 15. b5 Bxd3 16. Qxd3 Ng6 17. Bg3 Rc8 18. bxc6 Rxc6 19. Bxd6 Qxd6 20. Nb5 Qb8 21. Rac1 Rec8 22. Rxc6 Rxc6 23. e4 dxe4 24. Nxe4 Nxe4 25. Qxe4 Re6 26. Qf5 a6 27. Nc3 Qc8 28. Qf3 Qc4 29. d5 Rf6 30. Qe3 Rf4 31. Rd1 Qc8 32. d6 Rf6 33. d7 1-0

[Event "GER-ch U25-A"]
[Site "Willingen"]
[Date "2016.05.21"]
[Round "9"]
[White "Kast, Larissa"]
[Black "Askri, Samir"]
[Result "1/2-1/2"]
[WhiteElo "1567"]
[BlackElo "1867"]
[PlyCount "40"]
[EventDate "2016.05.15"]
[EventType "swiss"]
[EventRounds "9"]
[EventCountry "GER"]
[SourceTitle "CBM 172 Extra"]
[Source "ChessBase"]
[SourceDate "2016.06.21"]
[SourceVersion "1"]
[SourceVersionDate "2016.06.21"]
[SourceQuality "1"]

1. e4 a5 2. d4 d6 3. Nf3 Bg4 4. h3 Bh5 5. Nc3 Nd7 6. Be2 Bxf3 7. Bxf3 e5 8. dxe5 Nxe5 9. Bf4 Nf6 10. 0-0 Be7 11. Bxe5 dxe5 12. Qxd8+ Rxd8 13. Rad1 0-0 14. Rxd8 Rxd8 15. Rd1 Rxd1+ 16. Nxd1 Kf8 17. Kf1 Nd7 18. Ne3 c6 19. Be2 Nc5 20. f3 Na4 1/2-1/2

[Event "GER-ch U25-A"]
[Site "Willingen"]
[Date "2016.05.17"]
[Round "4"]
[White "Askri, Samir"]
[Black "Lehmann, Tim"]
[Result "0-1"]
[WhiteElo "1867"]
[BlackElo "1613"]
[PlyCount "112"]
[EventDate "2016.05.15"]
[EventType "swiss"]
[EventRounds "9"]
[EventCountry "GER"]
[SourceTitle "CBM 172 Extra"]
[Source "ChessBase"]
[SourceDate "2016.06.21"]
[SourceVersion "1"]
[SourceVersionDate "2016.06.21"]
[SourceQuality "1"]

1. Nf3 Nf6 2. g3 g6 3. Bg2 Bg7 4. 0-0 0-0 5. d3 d6 6. e4 e5 7. Nbd2 Nbd7 8. c3 Re8 9. Qc2 Nf8 10. Re1 c6 11. b4 a5 12. a4 axb4 13. cxb4 Bg4 14. h3 Bxf3 15. Nxf3 Qc7 16. Bb2 Nh5 17. d4 exd4 18. Nxd4 Qb6 19. Qd2 Ne6 20. a5 Qa7 21. Nxe6 Rxe6 22. Bxg7 Kxg7 23. Qc3+ Nf6 24. e5 dxe5 25. Rxe5 Rxe5 26. Qxe5 Re8 27. Qb2 Qa6 28. Bf1 Qa7 29. g4 g5 30. Rc1 Re6 31. Rc5 h6 32. Qd4 Qb8 33. Qa1 Qf4 34. Qa3 Qe4 35. Rf5 Rd6 36. Qb2 Kg6 37. Bg2 Qd4 38. Qxd4 Rxd4 39. b5 h5 40. bxc6 bxc6 41. Rc5 hxg4 42. Rxc6 gxh3 43. Bxh3 Rd1+ 44. Bf1 Ra1 45. a6 Kf5 46. Kg2 Nd5 47. Bc4 Ke4 48. Rc8 Nb6 49. Re8+ Kd4 50. Be2 Nd5 51. Rd8 Kc5 52. Kg3 Rg1+ 53. Kf3 g4+ 54. Ke4 Nc3+ 55. Kd3 Nxe2 56. a7 Rd1+ 0-1

[Event "GER-ch U25-A"]
[Site "Willingen"]
[Date "2016.05.15"]
[Round "2"]
[White "Askri, Samir"]
[Black "Rupp, Andreas"]
[Result "1-0"]
[WhiteElo "1867"]
[BlackElo "1562"]
[PlyCount "57"]
[EventDate "2016.05.15"]
[EventType "swiss"]
[EventRounds "9"]
[EventCountry "GER"]
[SourceTitle "CBM 172 Extra"]
[Source "ChessBase"]
[SourceDate "2016.06.21"]
[SourceVersion "1"]
[SourceVersionDate "2016.06.21"]
[SourceQuality "1"]

1. Nf3 d5 2. g3 Nf6 3. Bg2 Nc6 4. 0-0 e5 5. d3 Be7 6. Nbd2 0-0 7. e4 dxe4 8. dxe4 Bg4 9. c3 Qd7 10. Qc2 Bh3 11. Nc4 Bxg2 12. Kxg2 Qe6 13. Ne3 Rfe8 14. Ng5 Qc8 15. Nf5 Nd7 16. h4 Bxg5 17. hxg5 g6 18. Nh6+ Kg7 19. Rh1 Nf8 20. Qe2 Qe6 21. Ng4 Nd7 22. Qf3 Rf8 23. Nf6 Rh8 24. Be3 Nf8 25. Ng4 Nd7 26. Nf6 Nf8 27. Rh2 Nb8 28. Nd5 Na6 29. Qf6+ 1-0

[Event "Bayernliga U20 1415"]
[Site "Bayern"]
[Date "2014.11.15"]
[Round "1.1"]
[White "Oberhofer, Cedric"]
[Black "Askri, Samir"]
[Result "1-0"]
[WhiteElo "2031"]
[BlackElo "1665"]
[PlyCount "29"]
[EventDate "2014.11.15"]
[EventType "team-tourn"]
[EventRounds "7"]
[EventCountry "GER"]
[SourceTitle "EXT 2022"]
[Source "ChessBase"]
[SourceDate "2021.10.06"]
[SourceVersion "1"]
[SourceVersionDate "2021.10.06"]
[SourceQuality "1"]
[WhiteTeam "Regensburg Bavaria U20"]
[BlackTeam "Amberg SGS U20"]
[WhiteTeamCountry "GER"]
[BlackTeamCountry "GER"]

1. e4 e6 2. d4 d5 3. e5 c5 4. c3 Nc6 5. Nf3 Qb6 6. Na3 Nge7 7. dxc5 Qxc5 8. Nb5 Ng6 9. Nc7+ Kd7 10. Nxa8 Ngxe5 11. Nxe5+ Nxe5 12. Qa4+ Kd8 13. Be3 Qc7 14. Bb5 Nc6 15. Bxa7 1-0

[Event "Bayernliga U20 1314"]
[Site "Bayern"]
[Date "2014.01.25"]
[Round "4.2"]
[White "Askri, Samir"]
[Black "Killmann, Martin"]
[Result "0-1"]
[WhiteElo "1665"]
[BlackElo "1933"]
[PlyCount "59"]
[EventDate "2013.11.16"]
[EventType "team-tourn"]
[EventRounds "7"]
[EventCountry "GER"]
[SourceTitle "EXT 2022"]
[Source "ChessBase"]
[SourceDate "2021.10.06"]
[SourceVersion "1"]
[SourceVersionDate "2021.10.06"]
[SourceQuality "1"]
[WhiteTeam "Amberg SGS U20"]
[BlackTeam "Forchheim SC U20"]
[WhiteTeamCountry "GER"]
[BlackTeamCountry "GER"]

1. d4 d5 2. Nf3 Nf6 3. c4 dxc4 4. e3 e6 5. Bxc4 c5 6. 0-0 a6 7. Bb3 Nc6 8. dxc5 Qc7 9. Nc3 Bxc5 10. a4 0-0 11. Qe2 Rd8 12. Rd1 Rxd1+ 13. Bxd1 e5 14. e4 Be6 15. Bg5 Ng4 16. Bh4 Nb4 17. h3 Bc4 18. Qd2 Nf6 19. Bxf6 gxf6 20. Be2 Rd8 21. Qh6 Bxe2 22. Nxe2 Qb6 23. Qh4 Nd3 24. Rf1 Bxf2+ 25. Rxf2 Nxf2 26. Kh2 Qe3 27. Qxf6 Rd1 28. Ng3 Qf4 29. Qxf4 exf4 30. Ne2 0-1

[Event "Bayernliga U20 1314"]
[Site "Bayern"]
[Date "2013.11.30"]
[Round "2.2"]
[White "Haelterlein, Josef"]
[Black "Askri, Samir"]
[Result "1-0"]
[WhiteElo "1744"]
[BlackElo "1665"]
[PlyCount "91"]
[EventDate "2013.11.16"]
[EventType "team-tourn"]
[EventRounds "7"]
[EventCountry "GER"]
[SourceTitle "EXT 2022"]
[Source "ChessBase"]
[SourceDate "2021.10.06"]
[SourceVersion "1"]
[SourceVersionDate "2021.10.06"]
[SourceQuality "1"]
[WhiteTeam "Weilheim U20"]
[BlackTeam "Amberg SGS U20"]
[WhiteTeamCountry "GER"]
[BlackTeamCountry "GER"]

1. e4 e6 2. d4 d5 3. e5 c5 4. c3 Nc6 5. Nf3 Qb6 6. a3 c4 7. Be2 f6 8. exf6 Nxf6 9. 0-0 Na5 10. Nbd2 Bd6 11. Kh1 0-0 12. Qc2 Bd7 13. Ne5 Be8 14. Ndf3 Nb3 15. Rb1 Nxc1 16. Qxc1 Ne4 17. Qe3 Qd8 18. Bd1 Bxe5 19. Nxe5 Qh4 20. Bf3 Nd6 21. Rbe1 Nf7 22. Nxf7 Bxf7 23. Qe5 Rae8 24. Qg3 Qf6 25. Re5 h6 26. Rfe1 Kh8 27. Kg1 Bg8 28. Bxd5 exd5 29. Rxe8 Rxe8 30. Rxe8 Qf5 31. h3 Kh7 32. Re7 Qf6 33. Qe5 Qg6 34. Rxb7 a6 35. Re7 Bf7 36. Qc7 Be6 37. Qg3 Qf6 38. Ra7 Bf5 39. Qe5 Qg6 40. Qg3 Qf6 41. Ra8 Be4 42. Re8 Qb6 43. Qb8 Qf6 44. Rh8+ Kg6 45. Qe8+ Kg5 46. Qd8 1-0

[Event "Bayernliga U20 1314"]
[Site "Bayern"]
[Date "2013.11.16"]
[Round "1.2"]
[White "Askri, Samir"]
[Black "Wenninger, Philipp"]
[Result "0-1"]
[WhiteElo "1665"]
[BlackElo "2332"]
[PlyCount "72"]
[EventDate "2013.11.16"]
[EventType "team-tourn"]
[EventRounds "7"]
[EventCountry "GER"]
[SourceTitle "EXT 2022"]
[Source "ChessBase"]
[SourceDate "2021.10.06"]
[SourceVersion "1"]
[SourceVersionDate "2021.10.06"]
[SourceQuality "1"]
[WhiteTeam "Amberg SGS U20"]
[BlackTeam "Erlangen SC U20"]
[WhiteTeamCountry "GER"]
[BlackTeamCountry "GER"]

1. Nf3 Nf6 2. Ng1 Ng8 3. d4 c6 4. c4 d5 5. Nf3 Nf6 6. e3 a6 7. Nc3 b5 8. cxd5 cxd5 9. Bd3 Bb7 10. 0-0 e6 11. Bd2 Nbd7 12. Ne5 Nxe5 13. dxe5 Nd7 14. f4 f5 15. Ne2 Bc5 16. Nd4 Qb6 17. Ne2 b4 18. Qe1 a5 19. Qf2 0-0 20. Nd4 Rac8 21. b3 Rc7 22. Rfc1 Rfc8 23. Nb5 Ba6 24. Nxc7 Bxd3 25. Nxe6 Qxe6 26. a3 Qb6 27. axb4 axb4 28. Kh1 Be4 29. Ra4 Rc6 30. Qe1 Rg6 31. Qe2 Rxg2 32. Qxg2 Bxg2+ 33. Kxg2 Kf7 34. Kf3 Qg6 35. h3 Qh5+ 36. Kg2 Qe2+ 0-1

[Event "Forchheim op-B 12th"]
[Site "Forchheim"]
[Date "2013.09.29"]
[Round "4"]
[White "Askri, Samir"]
[Black "Schilay, Lorenz"]
[Result "1-0"]
[WhiteElo "1852"]
[BlackElo "1528"]
[PlyCount "75"]
[EventDate "2013.09.27"]
[EventType "swiss"]
[EventRounds "5"]
[EventCountry "GER"]
[SourceTitle "EXT 2019"]
[Source "ChessBase"]
[SourceDate "2018.10.10"]
[SourceVersion "1"]
[SourceVersionDate "2018.10.10"]
[SourceQuality "1"]

1. d4 d5 2. c4 e5 3. dxe5 d4 4. Nf3 Nc6 5. a3 Be6 6. Qc2 Nge7 7. g3 Ng6 8. Bg2 Rb8 9. 0-0 Ngxe5 10. Nxe5 Nxe5 11. Qa4+ c6 12. Bf4 Qc7 13. Qxa7 c5 14. Nd2 Bd6 15. Ne4 0-0 16. Bxe5 Bxe5 17. Nxc5 Bxc4 18. Nd3 Bxd3 19. exd3 b5 20. Qxc7 Bxc7 21. Rac1 Bb6 22. Rfe1 Rfe8 23. Bc6 Rxe1+ 24. Rxe1 Bc5 25. Re5 Bf8 26. Rxb5 Rc8 27. Bd5 Rd8 28. Bc4 Rd7 29. a4 Ra7 30. a5 g6 31. b4 Kg7 32. Rb6 Be7 33. a6 h6 34. b5 f5 35. Re6 Bb4 36. b6 Rd7 37. a7 Rd8 38. b7 1-0

[Event "GER-ch U25 op-A"]
[Site "Oberhof"]
[Date "2013.05.25"]
[Round "9"]
[White "Askri, Samir"]
[Black "Donath, Johann"]
[Result "0-1"]
[WhiteElo "1785"]
[BlackElo "1958"]
[PlyCount "56"]
[EventDate "2013.05.19"]
[EventType "swiss"]
[EventRounds "9"]
[EventCountry "GER"]
[SourceTitle "CBM 154 Extra"]
[Source "ChessBase"]
[SourceDate "2013.06.25"]
[SourceVersion "2"]
[SourceVersionDate "2013.06.25"]
[SourceQuality "1"]

1. d4 Nf6 2. c4 c5 3. d5 b5 4. cxb5 a6 5. b6 e6 6. Nc3 Nxd5 7. Nxd5 exd5 8. Qxd5 Nc6 9. Bf4 Qxb6 10. Qe4+ Be7 11. Bd6 Qxb2 12. Rd1 Qb4+ 13. Qxb4 Nxb4 14. g3 Bb7 15. Nf3 Bxd6 16. Rxd6 Nxa2 17. Bg2 Ke7 18. Rd3 Rhd8 19. 0-0 Nb4 20. Rc3 d6 21. Ra1 Rab8 22. e3 Nd5 23. Rca3 Nc7 24. Rc1 Bc6 25. Ng5 Bxg2 26. Kxg2 Rb2 27. e4 f6 28. Nf3 Re2 0-1

[Event "GER-ch U25 op-A"]
[Site "Oberhof"]
[Date "2013.05.21"]
[Round "4"]
[White "Carow, Annelen"]
[Black "Askri, Samir"]
[Result "1/2-1/2"]
[WhiteElo "2025"]
[BlackElo "1785"]
[PlyCount "121"]
[EventDate "2013.05.19"]
[EventType "swiss"]
[EventRounds "9"]
[EventCountry "GER"]
[SourceTitle "CBM 154 Extra"]
[Source "ChessBase"]
[SourceDate "2013.06.25"]
[SourceVersion "2"]
[SourceVersionDate "2013.06.25"]
[SourceQuality "1"]

1. d4 Nf6 2. c4 g6 3. Nc3 d5 4. cxd5 Nxd5 5. Bd2 Bg7 6. e4 Nxc3 7. Bxc3 0-0 8. Bc4 c5 9. d5 Bxc3+ 10. bxc3 Nd7 11. Nf3 Nb6 12. Be2 Bd7 13. c4 Bg4 14. Nd2 Bxe2 15. Qxe2 e6 16. 0-0 Re8 17. Qf3 Qg5 18. Rfd1 exd5 19. cxd5 c4 20. a4 Rac8 21. Qc3 Nd7 22. g3 Qe5 23. Rdc1 f5 24. Qxe5 Nxe5 25. exf5 c3 26. Ne4 Nf3+ 27. Kg2 Rxe4 28. Kxf3 Rd4 29. fxg6 hxg6 30. Ra3 c2 31. Ra2 Rd1 32. Rcxc2 Rf8+ 33. Kg2 Rxd5 34. Rc7 Rf7 35. Rxf7 Kxf7 36. Rb2 b6 37. Rb4 Ke6 38. Kf3 Kf6 39. h4 Rd1 40. Rc4 Ra1 41. Rf4+ Kg7 42. Ke3 Kh6 43. Kd3 g5 44. hxg5+ Kxg5 45. Kc3 a6 46. Kd3 Ra3+ 47. Kc2 b5 48. axb5 axb5 49. Kb2 Rd3 50. f3 b4 51. Rf8 Re3 52. g4 Rc3 53. Rf5+ Kg6 54. f4 Rg3 55. Rg5+ Kf6 56. Kc2 Rc3+ 57. Kd2 Rg3 58. Kc2 Rc3+ 59. Kb2 Rg3 60. Rg8 Kf7 61. Rg5 1/2-1/2

[Event "Landesliga Nord 1213 U20"]
[Site "Bayern"]
[Date "2013.03.02"]
[Round "7.2"]
[White "Koch, Christian1111"]
[Black "Askri, Samir"]
[Result "1-0"]
[WhiteElo "1826"]
[BlackElo "1834"]
[PlyCount "75"]
[EventDate "2012.10.20"]
[EventType "team-tourn"]
[EventRounds "7"]
[EventCountry "GER"]
[SourceTitle "EXT 2020"]
[Source "ChessBase"]
[SourceDate "2019.10.17"]
[SourceVersion "1"]
[SourceVersionDate "2019.10.17"]
[SourceQuality "1"]
[WhiteTeam "Hoechstadt SC U20"]
[BlackTeam "Amberg Siemens U20"]
[WhiteTeamCountry "GER"]
[BlackTeamCountry "GER"]

1. e4 e6 2. Nc3 d5 3. g3 Nf6 4. Bg2 Be7 5. d3 0-0 6. e5 Nfd7 7. f4 c5 8. Nf3 Nc6 9. 0-0 a6 10. b3 Qc7 11. Qe2 Re8 12. Bb2 Bf8 13. Rae1 b5 14. Nd1 b4 15. Ng5 Nb6 16. Qh5 h6 17. Nh3 Qe7 18. Ne3 g6 19. Qd1 Bg7 20. Nc4 Nxc4 21. dxc4 Rd8 22. cxd5 exd5 23. Rf2 Be6 24. Rd2 Rac8 25. Nf2 c4 26. bxc4 dxc4 27. c3 Rxd2 28. Qxd2 Rd8 29. Qe2 bxc3 30. Bxc3 Qc5 31. Kh1 Nb4 32. Ne4 Qe7 33. Nd6 Nd3 34. Rb1 Qa7 35. Be1 Rxd6 36. exd6 Bc3 37. Bxc3 Nf2+ 38. Qxf2 1-0

[Event "Regionalliga NO 1213"]
[Site "Bayern"]
[Date "2013.01.13"]
[Round "5.8"]
[White "Askri, Samir"]
[Black "Kiefer, Johannes"]
[Result "1/2-1/2"]
[WhiteElo "1834"]
[BlackElo "1899"]
[PlyCount "124"]
[EventDate "2012.10.14"]
[EventType "team-tourn"]
[EventRounds "9"]
[EventCountry "GER"]
[SourceTitle "EXT 2015"]
[Source "ChessBase"]
[SourceDate "2014.11.20"]
[SourceVersion "1"]
[SourceVersionDate "2014.11.20"]
[SourceQuality "1"]
[WhiteTeam "Amberg Siemens"]
[BlackTeam "Gunzenhausen"]
[WhiteTeamCountry "GER"]
[BlackTeamCountry "GER"]

1. d4 d5 2. c4 c6 3. Nf3 Nf6 4. e3 g6 5. Nc3 Bg7 6. Qb3 0-0 7. Bd3 Qb6 8. cxd5 Qxb3 9. axb3 Nxd5 10. Nxd5 cxd5 11. Bd2 Bd7 12. Ne5 Be6 13. Bb4 f6 14. Nf3 Nc6 15. Bd2 Bg4 16. h3 Bxf3 17. gxf3 e5 18. dxe5 fxe5 19. Be2 Rad8 20. h4 e4 21. fxe4 dxe4 22. Bc3 a6 23. Bc4+ Kh8 24. h5 Bxc3+ 25. bxc3 g5 26. Be2 h6 27. Rd1 Ne5 28. Rd4 Rxd4 29. cxd4 Nc6 30. Bc4 Rf5 31. Rf1 Kg7 32. Kd2 Kf6 33. Kc3 g4 34. Be2 Rxh5 35. Bxg4 Rh4 36. f3 exf3 37. Rxf3+ Ke7 38. Bc8 Nd8 39. Rh3 Rxh3 40. Bxh3 h5 41. e4 h4 42. d5 Nf7 43. Kd4 Ng5 44. Bg2 h3 45. Bh1 h2 46. e5 Kd8 47. Ke3 b5 48. b4 Ke7 49. Kf4 Nf7 50. e6 Nd6 51. Kg3 Nc4 52. Kxh2 a5 53. bxa5 Nxa5 54. Be4 b4 55. Kg3 Kd6 56. Kf3 b3 57. Ke2 Nb7 58. Kd2 Nc5 59. Bf3 b2 60. Kc2 Nxe6 61. dxe6 b1Q+ 62. Kxb1 Kxe6 1/2-1/2

[Event "GER-ch U25 op-A"]
[Site "Oberhof"]
[Date "2012.05.31"]
[Round "7"]
[White "Mann, Jonas"]
[Black "Askri, Samir"]
[Result "1-0"]
[WhiteElo "1541"]
[BlackElo "1757"]
[PlyCount "45"]
[EventDate "2012.05.27"]
[EventType "swiss"]
[EventRounds "9"]
[EventCountry "GER"]
[SourceTitle "CBM 148 Extra"]
[Source "ChessBase"]
[SourceDate "2012.06.22"]
[SourceVersion "1"]
[SourceVersionDate "2012.06.22"]
[SourceQuality "1"]

1. Nc3 Nf6 2. e4 d6 3. Bc4 c5 4. f4 g6 5. Nf3 Bg7 6. 0-0 0-0 7. d3 a6 8. Qe1 b5 9. Bd5 Nxd5 10. Nxd5 Bb7 11. Ne3 Nc6 12. f5 Nd4 13. Nxd4 Bxd4 14. Kh1 b4 15. Ng4 Bg7 16. Qh4 h5 17. Nh6+ Kh7 18. Nxf7 Qe8 19. fxg6+ Kxg6 20. Rf5 Kh7 21. Rxh5+ Kg8 22. Nh6+ Bxh6 23. Bxh6 1-0

[Event "GER-ch U25 op-A"]
[Site "Oberhof"]
[Date "2012.05.30"]
[Round "6"]
[White "Askri, Samir"]
[Black "Katz, Simon"]
[Result "1/2-1/2"]
[WhiteElo "1757"]
[BlackElo "1433"]
[PlyCount "180"]
[EventDate "2012.05.27"]
[EventType "swiss"]
[EventRounds "9"]
[EventCountry "GER"]
[SourceTitle "CBM 148 Extra"]
[Source "ChessBase"]
[SourceDate "2012.06.22"]
[SourceVersion "1"]
[SourceVersionDate "2012.06.22"]
[SourceQuality "1"]

1. d4 d5 2. c4 e6 3. Nc3 Nf6 4. cxd5 exd5 5. Bg5 Be7 6. e3 0-0 7. Bd3 b6 8. Qc2 g6 9. Nge2 Bb7 10. 0-0 Nbd7 11. f4 c5 12. Qb1 Ng4 13. Bxe7 Qxe7 14. e4 cxd4 15. Nxd4 Qc5 16. Nce2 Rfe8 17. Rc1 Qd6 18. e5 Qe7 19. h3 Nh6 20. Nb5 Nc5 21. Nd6 Red8 22. b4 Rxd6 23. bxc5 Rc6 24. cxb6 Rxb6 25. Qc2 Rc6 26. Qd2 Rac8 27. Nd4 Rxc1+ 28. Rxc1 Rxc1+ 29. Qxc1 Qb4 30. Nb3 Nf5 31. Bxf5 gxf5 32. Kf2 d4 33. Qd2 Qxd2+ 34. Nxd2 Be4 35. g3 Kg7 36. g4 Kg6 37. Nb3 d3 38. Ke3 Bg2 39. Kxd3 Bxh3 40. g5 h6 41. gxh6 Kxh6 42. Nd4 Kg7 43. Nc6 a6 44. Kd4 Kf8 45. Kc5 Bf1 46. a4 Ke8 47. Kd6 Bd3 48. Ne7 a5 49. Nc6 Bc2 50. Nxa5 Bxa4 51. Nc4 Bc2 52. Ne3 Bb1 53. Nd5 Ba2 54. Nf6+ Kf8 55. Kd7 Bb3 56. Kd6 Bc4 57. Nd7+ Kg8 58. Ke7 Kg7 59. Nb6 Bb3 60. Nc8 Kg6 61. Nd6 Ba2 62. Ne8 Bb3 63. Nf6 Ba2 64. Kd6 Bb3 65. Kc5 Ba2 66. Kd4 Bb3 67. Ke3 Bc2 68. Kf3 Bb1 69. Kg3 Bc2 70. Kh4 Bd3 71. Nd5 Kh6 72. Ne7 Bc2 73. Ng8+ Kg6 74. Nf6 Bb1 75. Kg3 Ba2 76. Ng8 Bb1 77. Nf6 Bc2 78. Kf3 Bb1 79. Ke3 Bc2 80. Kd4 Bb1 81. Kc5 Ba2 82. Kd6 Bb3 83. Nd5 Bc2 84. Ke7 Bb3 85. Nb6 Ba2 86. Nd7 Bb1 87. Nf8+ Kg7 88. e6 fxe6 89. Nxe6+ Kg6 90. Nd4 Ba2 1/2-1/2

[Event "GER-ch U25 op-A"]
[Site "Oberhof"]
[Date "2012.05.27"]
[Round "2"]
[White "Kitze, Lukas"]
[Black "Askri, Samir"]
[Result "1-0"]
[WhiteElo "1513"]
[BlackElo "1757"]
[PlyCount "47"]
[EventDate "2012.05.27"]
[EventType "swiss"]
[EventRounds "9"]
[EventCountry "GER"]
[SourceTitle "CBM 148 Extra"]
[Source "ChessBase"]
[SourceDate "2012.06.22"]
[SourceVersion "1"]
[SourceVersionDate "2012.06.22"]
[SourceQuality "1"]

1. e4 c5 2. Nf3 d6 3. d4 cxd4 4. Nxd4 Nf6 5. Nc3 a6 6. Bg5 e6 7. f4 Be7 8. Qf3 Qc7 9. 0-0-0 Nbd7 10. g4 b5 11. Bxf6 Nxf6 12. g5 Nd7 13. f5 Nc5 14. f6 gxf6 15. gxf6 Bf8 16. Bh3 Bb7 17. Rhe1 b4 18. Nd5 exd5 19. exd5+ Kd8 20. Qe3 Qb6 21. Qe8+ Kc7 22. Qxf7+ Be7 23. Rxe7+ Kb8 24. Rxb7+ 1-0

[Event "Landesliga U20 Nord 1112"]
[Site "Bayern"]
[Date "2012.03.10"]
[Round "7.2"]
[White "Askri, Samir"]
[Black "Quaschner, Manuel"]
[Result "1-0"]
[WhiteElo "1787"]
[BlackElo "1838"]
[PlyCount "63"]
[EventDate "2011.11.12"]
[EventType "team-tourn"]
[EventRounds "7"]
[EventCountry "GER"]
[SourceTitle "EXT 2022"]
[Source "ChessBase"]
[SourceDate "2021.10.06"]
[SourceVersion "1"]
[SourceVersionDate "2021.10.06"]
[SourceQuality "1"]
[WhiteTeam "Amberg SGS U20"]
[BlackTeam "Grossenseebach U20"]
[WhiteTeamCountry "GER"]
[BlackTeamCountry "GER"]

1. d4 g6 2. e4 Bg7 3. Nc3 d6 4. Be3 Nd7 5. Qd2 e5 6. f3 exd4 7. Bxd4 Bxd4 8. Qxd4 Qf6 9. Qd2 Ne7 10. 0-0-0 a6 11. f4 0-0 12. Nf3 b5 13. Be2 Rb8 14. Kb1 Nc5 15. e5 dxe5 16. fxe5 Qg7 17. Qg5 Re8 18. Qe3 Na4 19. Ne4 Nc6 20. Qf4 Kf8 21. Nf6 h6 22. Nxe8 Kxe8 23. Qe3 Bf5 24. Bd3 Bg4 25. Be4 Bxf3 26. Bxf3 Nxe5 27. Rhe1 f6 28. Qa7 Rb6 29. Qa8+ Kf7 30. Rxe5 fxe5 31. Rd7+ Kf6 32. Qd8+ 1-0

[Event "Landesliga U20 Nord 1112"]
[Site "Bayern"]
[Date "2012.01.21"]
[Round "4.2"]
[White "Askri, Samir"]
[Black "Theiss, Karsten"]
[Result "1-0"]
[WhiteElo "1787"]
[BlackElo "1770"]
[PlyCount "65"]
[EventDate "2011.11.12"]
[EventType "team-tourn"]
[EventRounds "7"]
[EventCountry "GER"]
[SourceTitle "EXT 2022"]
[Source "ChessBase"]
[SourceDate "2021.10.06"]
[SourceVersion "1"]
[SourceVersionDate "2021.10.06"]
[SourceQuality "1"]
[WhiteTeam "Amberg SGS U20"]
[BlackTeam "Hoechstadt SC U20"]
[WhiteTeamCountry "GER"]
[BlackTeamCountry "GER"]

1. d4 g6 2. c4 Bg7 3. Nc3 e6 4. e4 f5 5. exf5 exf5 6. Nf3 Qe7+ 7. Qe2 Nc6 8. Nd5 Qxe2+ 9. Bxe2 Kd8 10. Bg5+ Nge7 11. Nxe7 Nxe7 12. 0-0-0 h6 13. Bxe7+ Kxe7 14. Ne5 Bxe5 15. dxe5 b6 16. Bf3 Rb8 17. Rhe1 Bb7 18. Bd5 c6 19. Bf3 c5 20. Bd5 Bxd5 21. cxd5 f4 22. Rd3 b5 23. Ra3 Rb7 24. Ra6 g5 25. Re2 c4 26. Rc2 h5 27. Rc3 Rf8 28. Rc2 Rf5 29. Re2 g4 30. Rh6 Rb8 31. Rh7+ Kd8 32. e6 dxe6 33. dxe6 1-0